Datum a čas kvízu

37 Celkem bodů Celkový počet nahraných bodů na tomto kvízu bez doplňovacích otázek.
4. Pořadí na kvízu Konečné umístění týmu na tomto kvízu.

Zaznamenané odpovědi

# Otázka Odpověď Body Výsledky
1. Který český politik zveřejnil... Vít Rakušan 1
2. Na mezinárodní vesmírnou stani... americká (3 členové), ruská (1 člen) 0.5
3. Slavnostnímu předávání Oscarů... Medvídek Pú / Winnie the Pooh 1
4. Ve středu vstoupila na český t... Partners 1
5. Velmi kuriózní situace nastala... Buffalo (Sabres), Edmonton (Oilers) 0
6. Začneme prvním českým králem p... Rudolf (I. Habsburský) 1
7. Další „slavnou“ prohrou, která... stoletá válka 1
8. V bitvě u Lipan, kterou řadí m... Jan Roháč (z Dubé) 1
9. Bitva na Bílé hoře zpečetila o... listopad 1620 1
10. Napište jména dvou mužů, kteří... Neville Chamberlain, Édouard Daladier 1